| 000 | 00669nam a2200229Ia 4500 | ||
|---|---|---|---|
| 005 | 20260429112013.0 | ||
| 008 | 260429s9999||||xx |||||||||||||| ||und|| | ||
| 020 | _a9781032913179 | ||
| 041 | _aEnglish | ||
| 082 |
_a201.7 _bGER |
||
| 100 | _aGervasio, Gennaro | ||
| 245 | 0 |
_aDiversity, fear and religions : _bcultural accommodation in a globalized world / _cGennaro Gervasio |
|
| 250 | _a1st ed. | ||
| 260 |
_aNew Delhi : _bRoutledge, _c2026. |
||
| 300 | _axvi, 181 p.; hb | ||
| 650 | _a Cultural diversity | ||
| 650 | _a Globalization | ||
| 650 | _aReligion and society | ||
| 700 | _a Giorda, Maria Chiara | ||
| 700 | _a Perucchini, Paola | ||
| 942 | _cTB | ||
| 999 |
_c51843 _d51843 |
||